25 largest cities by letter - N - Statistics

General Stats
  • This quiz has been taken 77 times
  • The average score is 12 of 25
Answer Stats
Country Population City % Correct
Kenya 2,750,547 Nairobi
96%
United States 8,175,133 New York
94%
Italy 959,470 Naples
86%
United Kingdom 729,977 Nottingham
80%
Japan 2,191,279 Nagoya
77%
China 7,165,292 Nanjing
77%
Chad 721,081 N'Djamena
73%
Russia 1,419,007 Novosibirsk
72%
Mauritania 661,400 Nouakchott
70%
Niger 774,235 Niamey
68%
Russia 1,220,946 Nizhny Novgorod
65%
Burma 925,000 Naypyidaw
56%
India 2,228,018 Nagpur
51%
Brazil 763,043 Natal
51%
China 803,788 Nanning
44%
China 3,491,597 Ningbo
42%
China 2,357,839 Nanchang
30%
China 666,251 Nantong
18%
India 1,289,497 Nashik
13%
China 7,150,000 Nanchong
11%
Sudan 565,734 Nyala
11%
India 2,600,000 Navi Mumbai
8%
Brazil 1,002,118 Nova Iguacu
6%
Mexico 792,211 Naucalpan
3%
India 1,220,946 Nabarangpur
1%
No matching quizzes found
Score Distribution
Percent of People with Each Score
Percentile by Number Answered
Your Score History
You have not taken this quiz